LIBRARY & INFORMATION CENTRE, KCAET, TAVANUR

ONLINE PUBLIC ACCESS CATALOGUE (OPAC)

Indian balakathakal / | ഇന്ത്യന്‍ ബാലകഥകള്‍ (Record no. 19486)

MARC details
000 -LEADER
fixed length control field 00445nam a22001577a 4500
003 - CONTROL NUMBER IDENTIFIER
control field OSt
008 - FIXED-LENGTH DATA ELEMENTS--GENERAL INFORMATION
fixed length control field 250830b |||||||| |||| 00| 0 eng d
041 ## - LANGUAGE CODE
Language code of text/sound track or separate title eng
082 ## - DEWEY DECIMAL CLASSIFICATION NUMBER
Classification number 894.812301
Item number SIV/IN
100 ## - MAIN ENTRY--AUTHOR NAME
Personal name Sivadas, S.
245 ## - TITLE STATEMENT
Title Indian balakathakal /
Remainder of title ഇന്ത്യന്‍ ബാലകഥകള്‍
260 ## - PUBLICATION, DISTRIBUTION, ETC. (IMPRINT)
Place of publication Thiruvananthapuram :
Name of publisher Chintha Publishers,
Year of publication 2024.
300 ## - PHYSICAL DESCRIPTION
Number of Pages 144 p.
650 ## - SUBJECT ADDED ENTRY--TOPICAL TERM
Topical Term Stories
942 ## - ADDED ENTRY ELEMENTS (KOHA)
Koha item type Books
Holdings
Withdrawn status Lost status Damaged status Home library Current library Date acquired Source of acquisition Cost, normal purchase price Full call number Accession Number Koha item type
      KAUAET KAUAET 30/08/2025 Donated by KT Jaleel MLA 240.00 894.812301 SIV/IN 26296 Books
free website counter